00581nam a22002057a 450000500170000001000130001702000100003003500130004003700160005304000120006908200130008110000190009424500660011326000450017927000370022430000280026150000490028965000230033865000140036120170124110114.0 aA-454510 c23.00 aA-454510 bCen Lib/Ret aDPLbEN a921bVIN aVincent Sheean aMahatma Gandhi :cby Vincent Sheeanba great life in brief / aNew DelhibM.I.A.B. Govt. of Indiac1968 aPatiala HousebNew Delhie110001 a187p. :c19cm(Hb)bill. aIncludes bibliographical reference and index aGandhi, -- Mahatma aStatesmen